000 00838nam a2200265Ia 4500
003 OSt
005 20220928130354.0
006 a|||||r|||| 00| 0
007 ta
008 220927b |||||||| |||| 00| 0 eng d
020 _c10650.15
024 _a124343
037 _b103, 02/09/2014, Vardhman Books
_cTextual
040 _aSDCL
_cSDCL
_beng
041 _2eng
_aeng
082 _aX:8:(S:44), Q4
100 _aEhrhart M.G
_9473713
245 0 _aOrganizational climate and culture
_b An introduction to theory,,reserach, and practice
260 _aNew York
_b Routledge
_c2014
300 _axx;364p.
_ccm.
650 _aPsychology
700 _a Schneider Benjamin
_9452647
942 _hX:8:(S:44), Q4
_cTEXL
_2CC
999 _c786309
_d786309